| 000 | 01041nam a2200241Ia 4500 | ||
|---|---|---|---|
| 003 | Ost | ||
| 005 | 20260507075334.0 | ||
| 008 | 260507s9999||||xx |||||||||||||| ||und|| | ||
| 020 | _a60122099619 | ||
| 040 | _cfsecg | ||
| 041 | _aara | ||
| 082 | _a330 | ||
| 100 |
_aمنصور بن عوف، عبد الكريم _eمؤلف |
||
| 245 | 0 |
_aالرياضيات المالية : _b99 تمرين محلول / _c عبد الكريم منصور بن عوف |
|
| 250 | _aطبعة 7 | ||
| 260 |
_aالجزائر: _bديوان المطبوعات الجامعية, _c2011 |
||
| 300 |
_a136 صفحة؛ _bإيضاحات ؛ _c22 سم |
||
| 520 | _aنصوص و تمارين حول الفائدة البسيطة و الفائدة المركبة ، الخصم ، تكافؤ الاوراق التجارية ، دفعات آخر و اول المدة ، اختيار الاستثمارات و استهلاك القروض | ||
| 653 | _aالرياضيات | ||
| 653 | _aالرياضيات- المالية | ||
| 653 | _aالمالية | ||
| 942 | _cكتاب | ||
| 999 |
_c44034 _d44034 |
||